000 00731nam a2200253Ia 4500
005 20250425162837.0
008 250425s9999 xx 000 0 und d
020 _a9780357041710
041 _aeng
082 _a615.854
_pNAH
100 _aNahikian Nelms, Marcia
245 0 _aNutrition therapy and pathophysiology
_cMarcia Nahikian Nelms, Kathryn Sucher, Kristen Roberts, Holly Estes Doetsch
250 _a4th ed.
260 _aBoston
_bCengage
_c2020
300 _a788 páginas
650 _aDietoterapia
650 _aFisiología Patológica
650 _aTerapia Nutricional
700 _aEstes-Doetsch, Holly
700 _aRoberts, Kristen
700 _aSucher, Kathryn
942 _c01
010 _a112507
999 _c237597
_d237597